Evaluación de la necesidad de realizar reformas al ICE

Uloženo v:
Podrobná bibliografie
Korporativní autor: Universidad de Costa Rica. Comisión Técnica sobre la "Ley del Mejoramiento de los Servicios Públicos de Electricidad y Telecomunicaciones y de la Participación del Estado". Comisión Econonómico-Financiera
Médium: Text
Vydáno: San José: UCR
Tagy: Přidat tag
Žádné tagy, Buďte první, kdo vytvoří štítek k tomuto záznamu!

MARC

LEADER 00000 a a2200000 04500
001 18297
003
040
090 |a 142702  
110 |a Universidad de Costa Rica. Comisión Técnica sobre la "Ley del Mejoramiento de los Servicios Públicos de Electricidad y Telecomunicaciones y de la Participación del Estado". Comisión Econonómico-Financiera  
245 |a Evaluación de la necesidad de realizar reformas al ICE  
260 |a San José:   |b UCR  
300 |a 10 p.  
300 |b **no definido**  
999 |c 11780  |d 11780